Plant propagation : (Record no. 22510)
[ view plain ]
| 000 -LEADER | |
|---|---|
| fixed length control field | 00461cam a2200169 a 4500 |
| 020 ## - INTERNATIONAL STANDARD BOOK NUMBER | |
| ISBN | 0876924542 |
| 040 ## - CATALOGING SOURCE | |
| Transcribing agency | DLC |
| 082 ## - DEWEY DECIMAL CLASSIFICATION NUMBER | |
| Classification number | 631 HAR 1983 C283 Or. |
| 100 1# - MAIN ENTRY--AUTHOR NAME | |
| Personal name | Hartmann, Hudson T. |
| 245 10 - TITLE STATEMENT | |
| Title | Plant propagation : |
| Remainder of title | principles and practices / |
| 250 ## - EDITION STATEMENT | |
| Edition statement | Fifth edition |
| 300 ## - PHYSICAL DESCRIPTION | |
| Number of Pages | viii, 647 pages : |
| Other physical details | illustrations (some color) ; |
| Dimensions | 27 cm |
| 650 #0 - SUBJECT ADDED ENTRY--TOPICAL TERM | |
| Topical Term | Plant propagation |
| 700 1# - ADDED ENTRY--PERSONAL NAME | |
| Personal name | Kester, Dale E |
| 700 1# - ADDED ENTRY--PERSONAL NAME | |
| Personal name | Davies, Fred T., |
| 942 ## - ADDED ENTRY ELEMENTS (KOHA) | |
| Koha item type | ADB |
| 952 ## - LOCATION AND ITEM INFORMATION (KOHA) | |
| Withdrawn status [LOCAL, KOHA] | 0 |
| Permanent Location | Date acquired | Koha item type | Lost status | Shelving location | Barcode | Current Location | Full call number |
|---|---|---|---|---|---|---|---|
| Library Block C | 2024-01-09 | ADB | C283 | a33845 | Library Block C | 631 HAR 1983 C283 Or. |